000
00310pam a2200133 a 4500
020
_c
041
_h
082
_a
743
_b
HOD
100
_a
Susie Hodge .
245
_a
How to Draw faces in Simple Steps
_h
Textual Documents
260
_a
[s.l]:
_b
Search Press,
_c
2011.
300
_a
30:
_b
paper.
930
_a
7771
999
_c
241561
_d
241561